01245pab a2200169 454500008004000000100001900040245011100059260000900170300001400179362000800193520073000201650002600931650002600957700001900983700002101002773005201023180718b2007 xxu||||| |||| 00| 0 eng d aVerhoest, Koen aJanus-faced reorganization: specialization and coordination in four OECD countries in the period 1980-2005 c2007 ap.325-48. aSep aIt is believed that the New Public Management (NPM) doctrine resulted in a disaggregation and a suboptimal fragmentation of government in the 1980s and 1990s, which called for a re-strengthening of the coordination capacity through renewed hierarchy-type mechanisms, market-type mechanisms and network-type mechanisms. In order to assess the validity of this assumption, this article identifies the trajectory of specialization and coordination in four countries (New Zealand, United Kingdom, Sweden, France). The results support the assumption, although different trajectories are discernible. Also, the results point to the renewed emphasis on coordination based on hierarchy, along with markets and networks. - Reproduced. aPublic administration aAdministrative reform aPeters, B. Guy aBouckaert, Geert aInternational Review of Administrative Sciences